Countries with U.S. Government Involvement in Regime Change - Statistics

General Stats
  • This quiz has been taken 17 times
  • The average score is 35 of 52
Answer Stats
Countries Answer % Correct
home of Lionel Messi Argentina
100%
"down under" Australia
100%
has over 60% of the Amazon rain forest Brazil
100%
the world's longest country Chile
100%
famous for its Mayan pyramids Guatemala
100%
famous food is pho Vietnam
100%
landlocked Asian country Afghanistan
86%
known for cigars and years of communist rule Cuba
86%
formerly called Zaire Democratic Republic of the Congo
86%
makes up part of the island of Hispaniola Dominican Republic
86%
home of the Great Pyramids of Giza Egypt
86%
considered the birthplace of democracy Greece
86%
volcanic country home to Komodo dragons Indonesia
86%
also called Persia Iran
86%
in Mesopotamia Iraq
86%
birthplace of Judaism and Christianity Israel
86%
capital city of Sofia Bulgaria
71%
most populous country in the world China
71%
home of Shakira, famous for coffee Colombia
71%
long-standing Central American democracy Costa Rica
71%
island nation in Oceania Fiji
71%
home of the Autobahn known for beer Germany
71%
had catastrophic 7.0 earthquake in 2010 Haiti
71%
known for pasta and gelato Italy
71%
formerly known as Italian North Africa Libya
71%
a canal generates a third of the country's economy Panama
71%
famous for kebab and carpets Turkey
71%
traditional food is borscht Ukraine
71%
has the world's largest known oil reserves Venezuela
71%
country that broke up in 1989 Yugoslavia
71%
country bordering Greece Albania
57%
home of the Galapagos Islands Ecuador
57%
Caribbean country known for its spices Grenada
57%
only English-speaking country in South America Guyana
57%
only landlocked country in Southeast Asia Laos
57%
known as the "land of lakes and volcanos" Nicaragua
57%
largest archipelago in the world Philippines
57%
home of Mecca, the holiest city in Islam Saudi Arabia
57%
on the Horn of Africa Somalia
57%
known for pop music South Korea
57%
Dutch speaking country Suriname
57%
oil-rich country in Southern Africa Angola
43%
home to famous Angkor Wat temple Cambodia
43%
landlocked, includes the Sahara desert Chad
43%
home to endangered jaguars Honduras
43%
majority Buddhist country Myanmar
43%
birthplace of tango Uruguay
43%
has been experiencing humanitarian crisis since 2011 Yemen
43%
small country with over 20 active volcanos El Salvador
29%
formerly known as the Gold Coast Ghana
29%
declared independence in 1999 East Timor
14%
cricket is popular in this country Pakistan
14%
No matching quizzes found
Score Distribution
Percent of People with Each Score
Percentile by Number Answered
Your Score History
You have not taken this quiz